[Event "17. European Team Championship 2009"]
[Site "Novi Sad SRB"]
[Date "2009.10.25"]
[Round "4.132"]
[White "Malisauskas, Vidmantas"]
[Black "Nisipeanu, Liviu-Dieter"]
[Result "1/2-1/2"]
[WhiteElo "2483"]
[BlackElo "2664"]
[PlyCount "48"]
[EventDate "2009.10.22"]
[EventType "team"]
[EventRounds "9"]
[EventCountry "SER"]
[Source "lmi"]
[SourceDate "2009.10.22"]

1. e4 c5 2. Nf3 e6 3. d4 cxd4 4. Nxd4 a6 5. Nc3 b5 6. Bd3 Bb7 7. O-O Nc6 8.
Nxc6 Bxc6 9. Re1 Bc5 10. Be3 Bxe3 11. Rxe3 Ne7 12. Qh5 Ng6 13. Ne2 d6 14. Nd4
Bd7 15. Nf5 exf5 16. exf5+ Ne5 17. f4 Qb6 18. Rae1 Kf8 19. fxe5 dxe5 20. f6
gxf6 21. Kh1 h6 22. Qh4 Rc8 23. Rf3 Rc6 24. a4 Rd6 1/2-1/2

[Event "17. European Team Championship 2009"]
[Site "Novi Sad SRB"]
[Date "2009.10.25"]
[Round "4.133"]
[White "Lupulescu, Constantin"]
[Black "Cmilyte, Viktorija"]
[Result "1/2-1/2"]
[WhiteElo "2599"]
[BlackElo "2477"]
[PlyCount "73"]
[EventDate "2009.10.22"]
[EventType "team"]
[EventRounds "9"]
[EventCountry "SER"]
[Source "lmi"]
[SourceDate "2009.10.22"]

1. e4 c5 2. Nf3 e6 3. d4 cxd4 4. Nxd4 Nf6 5. Nc3 Nc6 6. Ndb5 d6 7. Bf4 e5 8.
Bg5 a6 9. Na3 b5 10. Nd5 Be7 11. Bxf6 Bxf6 12. c4 b4 13. Nc2 O-O 14. Be2 a5 15.
O-O Bg5 16. Qd3 Be6 17. Rfd1 Bxd5 18. Qxd5 Qb6 19. Qd3 Rad8 20. g3 g6 21. h4
Bh6 22. Bf3 Kg7 23. Rf1 f5 24. Rad1 Rf6 25. Qe2 Ne7 26. b3 Rdf8 27. Kg2 Nc6 28.
Rd5 Kh8 29. Rb5 Qc7 30. Qd3 Na7 31. Rd5 Nc8 32. Qe2 Nb6 33. Rxa5 Nxc4 34. Rd5
Na3 35. Nxb4 Qc3 36. Na6 Nc2 37. Rd3 1/2-1/2

[Event "17. European Team Championship 2009"]
[Site "Novi Sad SRB"]
[Date "2009.10.25"]
[Round "4.142"]
[White "Pelletier, Yannick"]
[Black "Karttunen, Mika"]
[Result "1-0"]
[WhiteElo "2589"]
[BlackElo "2426"]
[PlyCount "89"]
[EventDate "2009.10.22"]
[EventType "team"]
[EventRounds "9"]
[EventCountry "SER"]
[Source "lmi"]
[SourceDate "2009.10.22"]

1. c4 Nf6 2. Nc3 c5 3. g3 Nc6 4. Bg2 g6 5. Nf3 d6 6. d4 cxd4 7. Nxd4 Nxd4 8.
Qxd4 Bg7 9. O-O O-O 10. Qd3 Qc7 11. Bg5 Be6 12. b3 h6 13. Bf4 Rac8 14. Rac1 Qb8
15. Rfd1 a6 16. a4 Rfe8 17. Qd2 Kh7 18. h3 Qa7 19. Be3 Qb8 20. a5 Bd7 21. Nd5
Bc6 22. Nxf6+ Bxf6 23. Bxh6 Bxg2 24. Kxg2 b6 25. axb6 Qxb6 26. Rb1 a5 27. Be3
Qc6+ 28. Qd5 Rc7 29. Bb6 Qxd5+ 30. Rxd5 Rc6 31. Bxa5 Rb8 32. Rdd1 Ra8 33. Be1
Ra2 34. Rd2 Ra3 35. Rc2 Bd4 36. b4 Rc8 37. f3 Rb8 38. Bf2 Bxf2 39. Kxf2 Ra4 40.
b5 Re8 41. b6 Ra5 42. Rb5 Ra6 43. c5 dxc5 44. b7 Rb8 45. Rcxc5 1-0

[Event "17. European Team Championship 2009"]
[Site "Novi Sad SRB"]
[Date "2009.10.25"]
[Round "4.143"]
[White "Agopov, Mikael"]
[Black "Jenni, Florian"]
[Result "1-0"]
[WhiteElo "2452"]
[BlackElo "2500"]
[PlyCount "87"]
[EventDate "2009.10.22"]
[EventType "team"]
[EventRounds "9"]
[EventCountry "SER"]
[Source "lmi"]
[SourceDate "2009.10.22"]

1. d4 Nf6 2. c4 c5 3. Nf3 cxd4 4. Nxd4 b6 5. Nc3 Bb7 6. f3 a6 7. e4 e6 8. Be3
Qc7 9. Qd2 Be7 10. Be2 O-O 11. Rc1 d6 12. O-O Nbd7 13. Rfd1 Rac8 14. a3 Qb8 15.
b4 Bd8 16. Nb3 Bc7 17. Bf4 Ne5 18. Bxe5 dxe5 19. c5 Rfd8 20. Qe1 b5 21. Rxd8+
Rxd8 22. Rd1 Nh5 23. Rxd8+ Qxd8 24. Qd2 Qe7 25. a4 bxa4 26. Nxa4 Nf4 27. Bf1 f5
28. Nc3 h5 29. g3 Ng6 30. exf5 exf5 31. Nd5 Bxd5 32. Qxd5+ Kh7 33. Bxa6 h4 34.
Kf2 hxg3+ 35. hxg3 Qg5 36. Bc8 e4 37. Qxf5 Qxg3+ 38. Kf1 Kh6 39. Nd4 Nf4 40.
Qg4 Qxg4 41. fxg4 Be5 42. Nc2 e3 43. Nxe3 Nd3 44. Nd5 1-0

[Event "17. European Team Championship 2009"]
[Site "Novi Sad SRB"]
[Date "2009.10.25"]
[Round "4.144"]
[White "Gallagher, Joseph G"]
[Black "Luukkonen, Tommi"]
[Result "1-0"]
[WhiteElo "2464"]
[BlackElo "2317"]
[PlyCount "113"]
[EventDate "2009.10.22"]
[EventType "team"]
[EventRounds "9"]
[EventCountry "SER"]
[Source "lmi"]
[SourceDate "2009.10.22"]

1. e4 e5 2. Nf3 Nc6 3. Nc3 Nf6 4. Bb5 Nd4 5. Bc4 Nxf3+ 6. gxf3 d6 7. d4 Qe7 8.
Rg1 c6 9. Bb3 b5 10. Ne2 a5 11. a4 b4 12. c3 Ba6 13. cxb4 axb4 14. Qc2 Rc8 15.
dxe5 Qxe5 16. Bf4 Qh5 17. Rg3 Nd7 18. Bc4 Bb7 19. Qb3 Nc5 20. Qe3 Ne6 21. Qa7
Ba8 22. Bxe6 fxe6 23. Rxg7 Bxg7 24. Qxg7 Rf8 25. Bxd6 Rf7 26. Qh8+ Kd7 27. Qd4
e5 28. Bxe5+ Ke8 29. O-O-O c5 30. Qd6 Qg6 31. Qd2 Qe6 32. Qg5 h6 33. Qg8+ Ke7
34. Bd6+ Kd7 35. Bg3+ Kc6 36. Rd6+ Kb7 37. Rxe6 Rxg8 38. Nf4 h5 39. Nxh5 Rxf3
40. Nf6 Rc8 41. Ne8 Rc6 42. Nd6+ Ka6 43. Re8 Bb7 44. Nc4 Rc8 45. Re6+ Rc6 46.
Re7 Rh6 47. Re5 Bc6 48. Rxc5 Bxe4 49. Nd2 Rxg3 50. fxg3 Bd3 51. h4 Rg6 52. Rg5
Rc6+ 53. Kd1 Bc2+ 54. Ke2 Re6+ 55. Kf3 Rf6+ 56. Ke3 Bxa4 57. h5 1-0

[Event "17. European Team Championship 2009"]
[Site "Novi Sad SRB"]
[Date "2009.10.25"]
[Round "4.151"]
[White "Blagojevic, Dragisa"]
[Black "Esen, Baris"]
[Result "1/2-1/2"]
[WhiteElo "2546"]
[BlackElo "2494"]
[PlyCount "29"]
[EventDate "2009.10.22"]
[EventType "team"]
[EventRounds "9"]
[EventCountry "SER"]
[Source "lmi"]
[SourceDate "2009.10.22"]

1. d4 Nf6 2. c4 g6 3. g3 Bg7 4. Bg2 d5 5. cxd5 Nxd5 6. Nf3 Nb6 7. Nc3 Nc6 8. e3
O-O 9. O-O Re8 10. d5 Na5 11. Nd4 Bd7 12. Qe2 Qc8 13. Bd2 c5 14. dxc6 Nxc6 15.
Nxc6 1/2-1/2

[Event "17. European Team Championship 2009"]
[Site "Novi Sad SRB"]
[Date "2009.10.25"]
[Round "4.153"]
[White "Drasko, Milan"]
[Black "Atakisi, Umut"]
[Result "1-0"]
[WhiteElo "2527"]
[BlackElo "2406"]
[PlyCount "57"]
[EventDate "2009.10.22"]
[EventType "team"]
[EventRounds "9"]
[EventCountry "SER"]
[Source "lmi"]
[SourceDate "2009.10.22"]

1. Nf3 Nf6 2. g3 g6 3. Bg2 Bg7 4. d4 d5 5. c4 dxc4 6. Na3 c3 7. bxc3 O-O 8. O-O
c5 9. e3 Nc6 10. Bb2 Bf5 11. Nd2 e5 12. d5 Na5 13. e4 Bd7 14. c4 Ne8 15. Qc2 a6
16. f4 exf4 17. Bxg7 Nxg7 18. gxf4 Qh4 19. Qc3 b6 20. Nf3 Qd8 21. Rab1 Re8 22.
Ne5 Bc8 23. Nc2 f5 24. Ne3 Rb8 25. Rbd1 Qd6 26. Nc6 Nxc6 27. dxc6 Qxc6 28. exf5
Qa4 29. Bd5+ 1-0

[Event "17. European Team Championship 2009"]
[Site "Novi Sad SRB"]
[Date "2009.10.25"]
[Round "4.154"]
[White "Firat, Burak"]
[Black "Kalezic, Blazo"]
[Result "1-0"]
[WhiteElo "2365"]
[BlackElo "2459"]
[PlyCount "79"]
[EventDate "2009.10.22"]
[EventType "team"]
[EventRounds "9"]
[EventCountry "SER"]
[Source "lmi"]
[SourceDate "2009.10.22"]

1. e4 e6 2. d4 d5 3. Nc3 a6 4. Be3 Nf6 5. e5 Nfd7 6. f4 c5 7. Nf3 Nc6 8. Ne2 b5
9. g3 Nb6 10. c3 c4 11. Bg2 g6 12. g4 h5 13. gxh5 Rxh5 14. h4 Ne7 15. Ng3 Rh8
16. h5 Nf5 17. Bf2 Be7 18. hxg6 Rxh1+ 19. Bxh1 fxg6 20. Nxf5 exf5 21. Kd2 Nd7
22. Qg1 Nf8 23. a3 a5 24. Ne1 Be6 25. Nc2 Rb8 26. Bf3 Kd7 27. Qh1 Kc6 28. Ne3
g5 29. Qh6 Kc7 30. Qh1 Kc6 31. Qh6 Kc7 32. fxg5 Bxg5 33. Qg7+ Kc6 34. Rg1 Bxe3+
35. Bxe3 Rb7 36. Qf6 Qb8 37. Rg8 b4 38. cxb4 axb4 39. Rxf8 c3+ 40. Kc2 1-0

[Event "17. European Team Championship 2009"]
[Site "Novi Sad SRB"]
[Date "2009.10.25"]
[Round "4.162"]
[White "Lenic, Luka"]
[Black "Dineley, Richard"]
[Result "1-0"]
[WhiteElo "2575"]
[BlackElo "2270"]
[PlyCount "79"]
[EventDate "2009.10.22"]
[EventType "team"]
[EventRounds "9"]
[EventCountry "SER"]
[Source "lmi"]
[SourceDate "2009.10.22"]

1. d4 Nf6 2. Nf3 g6 3. c4 Bg7 4. b4 d5 5. e3 O-O 6. Bb2 b6 7. Nbd2 c6 8. a4 Bg4
9. Be2 Nbd7 10. O-O c5 11. h3 Bxf3 12. Bxf3 e6 13. dxc5 bxc5 14. b5 Rc8 15. Qb3
Qc7 16. Rfc1 Ne5 17. Be2 Ne4 18. Nxe4 dxe4 19. Rd1 Rfd8 20. Bc3 Rxd1+ 21. Rxd1
Rd8 22. Be1 Rd6 23. a5 Qd8 24. Rxd6 Qxd6 25. Qa4 Bf8 26. Bc3 Qb8 27. b6 Bd6 28.
Qb5 axb6 29. axb6 Qc8 30. b7 Qd8 31. Ba5 Qb8 32. Bd1 h5 33. Bc2 f5 34. Ba4 Kf7
35. Qa6 Ke7 36. Bb6 g5 37. Bb5 Nd3 38. Ba7 Bh2+ 39. Kf1 Qe5 40. b8=Q 1-0

[Event "17. European Team Championship 2009"]
[Site "Novi Sad SRB"]
[Date "2009.10.25"]
[Round "4.163"]
[White "Kett, Tim"]
[Black "Borisek, Jure"]
[Result "0-1"]
[WhiteElo "2238"]
[BlackElo "2575"]
[PlyCount "82"]
[EventDate "2009.10.22"]
[EventType "team"]
[EventRounds "9"]
[EventCountry "SER"]
[Source "lmi"]
[SourceDate "2009.10.22"]

1. e4 e5 2. Nf3 Nc6 3. Bc4 Nf6 4. d4 exd4 5. O-O Nxe4 6. Re1 d5 7. Bxd5 Qxd5 8.
Nc3 Qa5 9. Nxe4 Be6 10. Neg5 O-O-O 11. Nxe6 fxe6 12. Rxe6 h6 13. Qe1 Qd5 14.
Bd2 g5 15. Qe4 Bg7 16. Qxd5 Rxd5 17. Rg6 Rh7 18. Re1 Kd7 19. h4 gxh4 20. Re4 h3
21. Reg4 Bf8 22. gxh3 Rf7 23. Rg3 Rdf5 24. Nxd4 Nxd4 25. Rd3 c5 26. c3 Rxf2 27.
Be3 Rxb2 28. cxd4 c4 29. Rc3 Rf3 30. Rg2 Rb1+ 31. Rc1 Rxc1+ 32. Bxc1 Rxh3 33.
Bf4 Rd3 34. Rg8 Ke7 35. Rh8 Rxd4 36. Rh7+ Ke6 37. Be3 Rd7 38. Rh8 Kf7 39. Bxh6
Bxh6 40. Rxh6 c3 41. Rh3 c2 0-1

[Event "17. European Team Championship 2009"]
[Site "Novi Sad SRB"]
[Date "2009.10.25"]
[Round "4.164"]
[White "Sebenik, Matej"]
[Black "Bennett, Alan"]
[Result "1-0"]
[WhiteElo "2489"]
[BlackElo "2108"]
[PlyCount "53"]
[EventDate "2009.10.22"]
[EventType "team"]
[EventRounds "9"]
[EventCountry "SER"]
[Source "lmi"]
[SourceDate "2009.10.22"]

1. d4 d5 2. c4 dxc4 3. e3 e5 4. Bxc4 exd4 5. exd4 Nf6 6. Nf3 Bd6 7. O-O O-O 8.
h3 h6 9. Nc3 Nc6 10. Qc2 Na5 11. Bd3 Be6 12. Re1 Bc4 13. Bf5 Re8 14. Bd2 Nc6
15. Rxe8+ Qxe8 16. Re1 Qd8 17. Qa4 Bd5 18. Nxd5 Nxd5 19. Be4 Nce7 20. Qb3 Rb8
21. Ne5 c6 22. Qf3 Qe8 23. Nc4 Bc7 24. Bxd5 cxd5 25. Bb4 Nc6 26. Rxe8+ Rxe8 27.
Bd6 1-0

[Event "17. European Team Championship 2009"]
[Site "Novi Sad SRB"]
[Date "2009.10.25"]
[Round "4.174"]
[White "Stevenson, James"]
[Black "Galic, Ivan"]
[Result "1/2-1/2"]
[WhiteElo "2089"]
[BlackElo "2378"]
[PlyCount "92"]
[EventDate "2009.10.22"]
[EventType "team"]
[EventRounds "9"]
[EventCountry "SER"]
[Source "lmi"]
[SourceDate "2009.10.22"]

1. d4 Nf6 2. Nf3 c5 3. e3 d5 4. Bd3 cxd4 5. exd4 Bg4 6. h3 Bh5 7. c3 Nbd7 8.
O-O e6 9. Bf4 Be7 10. Nbd2 Qb6 11. Qb3 O-O 12. Rfe1 Bg6 13. Bxg6 hxg6 14. Ne5
Rac8 15. Ndf3 Qa6 16. Nxd7 Nxd7 17. Rad1 b5 18. a3 Bf6 19. Be5 Be7 20. Bg3 Nb6
21. Ne5 Rfd8 22. Qc2 Qb7 23. Qe2 Nc4 24. Nxf7 Kxf7 25. Qxe6+ Kf8 26. Qxg6 Bf6
27. b3 Nb6 28. Rd3 Kg8 29. Rf3 Qf7 30. Qg4 Re8 31. Re5 Nd7 32. Ref5 Rc6 33. Be5
Qe6 34. Re3 Bxe5 35. dxe5 Rf8 36. Rxf8+ Nxf8 37. Qd4 Rc7 38. f4 Rd7 39. g4 Qe7
40. f5 Qxa3 41. e6 Rc7 42. Qxd5 Qc1+ 43. Kf2 Qc2+ 44. Kg3 Qc1 45. Kf2 Qc2+ 46.
Kg3 Qc1 1/2-1/2

[Event "17. European Team Championship 2009"]
[Site "Novi Sad SRB"]
[Date "2009.10.25"]
[Round "4.183"]
[White "Docx, Stefan"]
[Black "Linster, Philippe"]
[Result "1-0"]
[WhiteElo "2384"]
[BlackElo "2230"]
[PlyCount "43"]
[EventDate "2009.10.22"]
[EventType "team"]
[EventRounds "9"]
[EventCountry "SER"]
[Source "lmi"]
[SourceDate "2009.10.22"]

1. e4 c5 2. Nf3 d6 3. d4 cxd4 4. Nxd4 Nf6 5. Nc3 a6 6. Bg5 e6 7. f4 Nc6 8. e5
h6 9. Nxc6 bxc6 10. Bh4 g5 11. fxg5 Nd5 12. Nxd5 exd5 13. Qh5 Be7 14. Bd3 dxe5
15. O-O Be6 16. Bf5 Qd7 17. g6 O-O-O 18. Bxe6 Qxe6 19. Bxe7 Qxe7 20. Rxf7 Qc5+
21. Kh1 d4 22. Re1 1-0

[Event "17. European Team Championship 2009"]
[Site "Novi Sad SRB"]
[Date "2009.10.25"]
[Round "4.192"]
[White "Arngrimsson, Dagur"]
[Black "Van Hoolandt, Patrick"]
[Result "1-0"]
[WhiteElo "2396"]
[BlackElo "2229"]
[PlyCount "81"]
[EventDate "2009.10.22"]
[EventType "team"]
[EventRounds "9"]
[EventCountry "SER"]
[Source "lmi"]
[SourceDate "2009.10.22"]

1. e4 e5 2. Nf3 Nc6 3. Nc3 Nf6 4. d4 exd4 5. Nxd4 Bb4 6. Nxc6 bxc6 7. Bd3 d5 8.
exd5 cxd5 9. O-O O-O 10. Bg5 c6 11. Na4 h6 12. Bh4 Re8 13. c4 Bd6 14. cxd5 cxd5
15. Bb5 Re6 16. Rc1 Rb8 17. Bd3 Re8 18. b3 Bf4 19. Rc6 g5 20. Bg3 Bb7 21. Rc2
Qd6 22. Nc5 Bc8 23. Bxf4 Qxf4 24. Qd2 Qxd2 25. Rxd2 Nh5 26. Rfd1 Be6 27. g3 Nf6
28. a3 Kg7 29. b4 Rec8 30. Re1 Re8 31. f3 Rbd8 32. Kf2 Bc8 33. Rc1 Kf8 34. Nb3
Be6 35. Nd4 Rc8 36. Rdc2 Rxc2+ 37. Rxc2 Rd8 38. Rc6 Ke7 39. Ra6 Rc8 40. Rxa7+
Nd7 41. Bb5 1-0

[Event "17. European Team Championship 2009"]
[Site "Novi Sad SRB"]
[Date "2009.10.26"]
[Round "5.12"]
[White "Gashimov, Vugar"]
[Black "Mchedlishvili, Mikheil"]
[Result "1-0"]
[WhiteElo "2740"]
[BlackElo "2613"]
[PlyCount "89"]
[EventDate "2009.10.22"]
[EventType "team"]
[EventRounds "9"]
[EventCountry "SER"]
[Source "lmi"]
[SourceDate "2009.10.22"]

1. e4 c6 2. d4 d5 3. e5 Bf5 4. Nf3 e6 5. Be2 c5 6. Be3 cxd4 7. Nxd4 Ne7 8. Nd2
Nbc6 9. N2f3 Be4 10. O-O Bxf3 11. Nxf3 g6 12. Bd3 Bg7 13. Bf4 O-O 14. c3 f6 15.
exf6 Rxf6 16. Bg5 Rf7 17. Re1 Qd7 18. Bb5 a6 19. Ba4 Raf8 20. Qe2 e5 21. Bxe7
Qxe7 22. Bb3 Qc5 23. Qe3 Qxe3 24. fxe3 e4 25. Ng5 Rf5 26. Ne6 Rc8 27. Rad1 Ne7
28. Nf4 Rc5 29. g4 Rg5 30. h3 Kf7 31. Rf1 Bf6 32. Rd2 h5 33. Rg2 Ra5 34. gxh5
gxh5 35. a4 b5 36. Bd1 Rxg2+ 37. Kxg2 bxa4 38. Bxh5+ Kg8 39. Ne6 Be5 40. Be8 a3
41. bxa3 Rxa3 42. Rf8+ Kh7 43. Rf7+ Kg6 44. h4 Rxc3 45. Nf8+ 1-0

[Event "17. European Team Championship 2009"]
[Site "Novi Sad SRB"]
[Date "2009.10.26"]
[Round "5.13"]
[White "Pantsulaia, Levan"]
[Black "Guseinov, Gadir"]
[Result "0-1"]
[WhiteElo "2600"]
[BlackElo "2667"]
[PlyCount "70"]
[EventDate "2009.10.22"]
[EventType "team"]
[EventRounds "9"]
[EventCountry "SER"]
[Source "lmi"]
[SourceDate "2009.10.22"]

1. Nf3 Nf6 2. c4 g6 3. d4 Bg7 4. g3 c5 5. d5 b5 6. cxb5 Qa5+ 7. Bd2 Qxb5 8. Nc3
Qb6 9. Bg2 d6 10. O-O O-O 11. Re1 Na6 12. Bc1 Nc7 13. a4 Rb8 14. h3 Qb3 15. e4
Qxd1 16. Rxd1 Nd7 17. Bf1 Ba6 18. Bxa6 Nxa6 19. Nb5 Rb7 20. Nd2 Nb6 21. Nb3 Nc4
22. Nd2 Nxd2 23. Rxd2 Nc7 24. Nxc7 Rxc7 25. Ra2 Rb7 26. Re2 Rfb8 27. Kf1 Rb4
28. Ke1 Kf8 29. a5 a6 30. Kd1 Rd4+ 31. Kc2 Rc4+ 32. Kb1 Rb3 33. Ra3 Rxc1+ 34.
Kxc1 Bxb2+ 35. Rxb2 Rxa3 0-1

[Event "17. European Team Championship 2009"]
[Site "Novi Sad SRB"]
[Date "2009.10.26"]
[Round "5.33"]
[White "Edouard, Romain"]
[Black "Sargissian, Gabriel"]
[Result "0-1"]
[WhiteElo "2620"]
[BlackElo "2678"]
[PlyCount "90"]
[EventDate "2009.10.22"]
[EventType "team"]
[EventRounds "9"]
[EventCountry "SER"]
[Source "lmi"]
[SourceDate "2009.10.22"]

1. Nf3 Nf6 2. c4 b6 3. Nc3 Bb7 4. d4 e6 5. a3 d5 6. cxd5 Nxd5 7. Qc2 Nxc3 8.
bxc3 Be7 9. e4 Nd7 10. Bd3 c5 11. O-O Qc7 12. Qe2 O-O 13. h4 Rfe8 14. h5 h6 15.
Bd2 Rac8 16. a4 e5 17. d5 c4 18. Bc2 f5 19. Rad1 Nf6 20. Bc1 fxe4 21. Bxe4 Nxe4
22. Qxe4 Bf6 23. Nh4 Qf7 24. Nf5 Rcd8 25. Qg4 Kh8 26. d6 Qe6 27. Bxh6 gxh6 28.
Qg6 Rd7 29. Ne7 Rdxe7 30. dxe7 Qxe7 31. Qxh6+ Kg8 32. Qg6+ Kf8 33. h6 Qf7 34.
Qg3 Ke7 35. f3 Qh5 36. Rfe1 Rh8 37. Kf2 Rxh6 38. Qg8 Qh4+ 39. g3 Qh2+ 40. Ke3
Rh8 41. Qg4 Bc8 42. Qxc4 Bg5+ 43. Ke4 Rh4+ 44. gxh4 Qf4+ 45. Kd3 Bf5+ 0-1

[Event "17. European Team Championship 2009"]
[Site "Novi Sad SRB"]
[Date "2009.10.26"]
[Round "5.34"]
[White "Petrosian, Tigran L"]
[Black "Feller, Sebastien"]
[Result "1/2-1/2"]
[WhiteElo "2602"]
[BlackElo "2570"]
[PlyCount "124"]
[EventDate "2009.10.22"]
[EventType "team"]
[EventRounds "9"]
[EventCountry "SER"]
[Source "lmi"]
[SourceDate "2009.10.22"]

1. e4 e5 2. Nf3 Nc6 3. Bb5 Nf6 4. d3 Bc5 5. Bxc6 dxc6 6. O-O Qe7 7. Nbd2 Bg4 8.
Re1 Nd7 9. h3 Bh5 10. Nf1 O-O 11. g4 Bg6 12. Ng3 f6 13. h4 Qe6 14. h5 Qxg4 15.
d4 Bxh5 16. dxc5 Nxc5 17. Qe2 Kh8 18. Nd2 Qxe2 19. Nxe2 Rad8 20. Ng3 Bf7 21.
Nb3 Ne6 22. Be3 b6 23. Nc1 Rd7 24. Nce2 g5 25. Rad1 Rfd8 26. Nc3 h5 27. Rxd7
Rxd7 28. Rd1 Rxd1+ 29. Nxd1 Ng7 30. b3 h4 31. Nf1 Bh5 32. Nb2 Ne6 33. Nh2 Kg7
34. f3 Kf7 35. Kg2 Ke7 36. Kh3 c5 37. c3 a5 38. Ng4 Nf8 39. Nc4 Ne6 40. Nd2 Be8
41. Nc4 a4 42. Bd2 axb3 43. axb3 Bh5 44. Bc1 Kf7 45. Be3 Ke7 46. Bd2 Kf7 47.
Kh2 Bxg4 48. fxg4 Ke8 49. Kg2 Kd7 50. Kf3 Nd8 51. Nxe5+ fxe5 52. Bxg5 Nc6 53.
Bxh4 Ke6 54. g5 Kf7 55. Kg4 Kg6 56. Bg3 b5 57. Bf2 b4 58. cxb4 cxb4 59. Bc5 Na5
60. Bxb4 Nxb3 61. Be7 Nd2 62. Bf6 Nxe4 1/2-1/2

[Event "17. European Team Championship 2009"]
[Site "Novi Sad SRB"]
[Date "2009.10.26"]
[Round "5.41"]
[White "Shirov, Alexei"]
[Black "Solak, Dragan"]
[Result "1/2-1/2"]
[WhiteElo "2730"]
[BlackElo "2583"]
[PlyCount "81"]
[EventDate "2009.10.22"]
[EventType "team"]
[EventRounds "9"]
[EventCountry "SER"]
[Source "lmi"]
[SourceDate "2009.10.22"]

1. e4 c6 2. d4 d5 3. e5 Bf5 4. Nf3 e6 5. Be2 Ne7 6. O-O Bg6 7. Nbd2 Nf5 8. g4
Nh6 9. h3 Ng8 10. Ne1 h5 11. Ng2 hxg4 12. hxg4 c5 13. c3 Nc6 14. Nf3 cxd4 15.
Nxd4 Bc5 16. b4 Bb6 17. a4 Nxe5 18. f4 Nc6 19. f5 exf5 20. gxf5 Bh7 21. a5
Bxd4+ 22. cxd4 Nf6 23. a6 O-O 24. axb7 Rb8 25. b5 Na5 26. Bg5 Nxb7 27. Ne3 Nd6
28. Bd3 Qe8 29. Re1 Qd7 30. Bxf6 gxf6 31. Qh5 Kh8 32. Kf2 Rg8 33. Rh1 Rg7 34.
Nxd5 Ne8 35. Bc4 Rxb5 36. Rag1 Rxd5 37. Bxd5 Qxd5 38. Rxg7 Qxd4+ 39. Kf1 Qd3+
40. Kf2 Qd4+ 41. Kf1 1/2-1/2

[Event "17. European Team Championship 2009"]
[Site "Novi Sad SRB"]
[Date "2009.10.26"]
[Round "5.44"]
[White "Perunovic, Milos"]
[Black "Lopez Martinez, Josep Manuel"]
[Result "1-0"]
[WhiteElo "2572"]
[BlackElo "2570"]
[PlyCount "141"]
[EventDate "2009.10.22"]
[EventType "team"]
[EventRounds "9"]
[EventCountry "SER"]
[Source "lmi"]
[SourceDate "2009.10.22"]

1. e4 c6 2. d4 d5 3. e5 Bf5 4. Nf3 e6 5. Be2 Nd7 6. O-O Bg6 7. Nbd2 Nh6 8. Ne1
Be7 9. Ndf3 Nf5 10. Nd3 Bh5 11. Nf4 Bxf3 12. Bxf3 g6 13. Bg4 Ng7 14. b3 O-O 15.
g3 c5 16. c3 cxd4 17. cxd4 Nb8 18. h4 Nc6 19. h5 Qd7 20. Kg2 Nf5 21. Ne2 Rfc8
22. Rh1 Rc7 23. hxg6 fxg6 24. Bxf5 exf5 25. Nf4 Bf8 26. Qf3 Rd8 27. Be3 Nb4 28.
Rh2 Nc2 29. Rah1 Qc6 30. e6 Rg7 31. Rc1 Rd6 32. Bd2 Qc8 33. Bb4 Rc6 34. Bxf8
Kxf8 35. Rd1 Rxe6 36. Nxe6+ Qxe6 37. Qc3 Qe4+ 38. Kg1 Re7 39. Rh4 Qe2 40. Rd2
Qe1+ 41. Kg2 g5 42. Qc8+ Kg7 43. Rxh7+ Kxh7 44. Qxf5+ Kh6 45. Qf6+ Kh7 46. Rxc2
Qe4+ 47. Kg1 Rg7 48. Rc8 Qb1+ 49. Kh2 Qg6 50. Qxg6+ Kxg6 51. Rd8 Kf5 52. Rxd5+
Ke4 53. Rd8 g4 54. d5 Ke5 55. d6 Ke6 56. Kg2 b6 57. d7 b5 58. Rb8 Rxd7 59. Rxb5
Kf6 60. Ra5 Rc7 61. Kf1 Re7 62. a3 Kg6 63. b4 Kh6 64. Rf5 Rc7 65. Ke2 Kg6 66.
Rf4 Kg5 67. Kd3 a6 68. a4 Rc1 69. b5 Rc8 70. Kd4 Rc1 71. Kd5 1-0

[Event "17. European Team Championship 2009"]
[Site "Novi Sad SRB"]
[Date "2009.10.26"]
[Round "5.52"]
[White "Laznicka, Viktor"]
[Black "Stellwagen, Daniel"]
[Result "1/2-1/2"]
[WhiteElo "2634"]
[BlackElo "2630"]
[PlyCount "27"]
[EventDate "2009.10.22"]
[EventType "team"]
[EventRounds "9"]
[EventCountry "SER"]
[Source "lmi"]
[SourceDate "2009.10.22"]

1. e4 c6 2. Nc3 d5 3. Nf3 Bg4 4. h3 Bxf3 5. Qxf3 e6 6. d4 Nf6 7. Bd3 Be7 8. Be3
dxe4 9. Nxe4 Nbd7 10. c3 Nxe4 11. Qxe4 Nf6 12. Qf3 O-O 13. O-O Nd5 14. Rae1
1/2-1/2

[Event "17. European Team Championship 2009"]
[Site "Novi Sad SRB"]
[Date "2009.10.26"]
[Round "5.53"]
[White "L'Ami, Erwin"]
[Black "Hracek, Zbynek"]
[Result "1-0"]
[WhiteElo "2606"]
[BlackElo "2606"]
[PlyCount "75"]
[EventDate "2009.10.22"]
[EventType "team"]
[EventRounds "9"]
[EventCountry "SER"]
[Source "lmi"]
[SourceDate "2009.10.22"]

1. d4 Nf6 2. c4 e6 3. Nf3 b6 4. g3 Bb7 5. Bg2 Be7 6. Nc3 O-O 7. d5 Bb4 8. O-O
Na6 9. Ne5 Bxc3 10. bxc3 Nc5 11. Ba3 exd5 12. Bxc5 bxc5 13. cxd5 Re8 14. Nc4
Ba6 15. Qa4 Bxc4 16. Qxc4 d6 17. e4 Rb8 18. f4 Rb2 19. Rae1 Re7 20. e5 Qe8 21.
e6 Qb5 22. Qxb5 Rxb5 23. f5 Re8 24. Rf4 Reb8 25. g4 Rb1 26. Rxb1 Rxb1+ 27. Kf2
Rb2+ 28. Kg3 Rxa2 29. Bf3 Ne8 30. g5 f6 31. h4 Kf8 32. Bh5 Ke7 33. Rg4 fxg5 34.
hxg5 Ra1 35. Kf2 g6 36. f6+ Kf8 37. Rf4 gxh5 38. f7 1-0

[Event "17. European Team Championship 2009"]
[Site "Novi Sad SRB"]
[Date "2009.10.26"]
[Round "5.54"]
[White "Babula, Vlastimil"]
[Black "Werle, Jan"]
[Result "1/2-1/2"]
[WhiteElo "2569"]
[BlackElo "2563"]
[PlyCount "73"]
[EventDate "2009.10.22"]
[EventType "team"]
[EventRounds "9"]
[EventCountry "SER"]
[Source "lmi"]
[SourceDate "2009.10.22"]

1. d4 Nf6 2. c4 e6 3. Nc3 Bb4 4. e3 O-O 5. Bd3 d5 6. Nf3 c5 7. O-O Nc6 8. a3
Bxc3 9. bxc3 dxc4 10. Bxc4 Qc7 11. h3 e5 12. Bb2 Bf5 13. Qe2 Rad8 14. Rfd1 e4
15. Nd2 Bg6 16. Nf1 Na5 17. Nd2 Bh5 18. g4 Bg6 19. Ba2 h5 20. Kh1 Qc8 21. Rg1
hxg4 22. Rg3 cxd4 23. cxd4 Qc2 24. Rb1 Rd6 25. Rgg1 Bh5 26. d5 g3 27. Qe1 Bf3+
28. Nxf3 gxf2 29. Qb4 fxg1=Q+ 30. Rxg1 exf3 31. Bb1 Qf2 32. Rxg7+ Kxg7 33. Qg4+
Kh6 34. Qf4+ Kh5 35. Qf5+ Kh6 36. Qf4+ Kh5 37. Qf5+ 1/2-1/2